5HLuxD.jpg

KING HENRY VIII SENIOR AND PRIMARY SCHOOL LIBRARY OPAC

The shock of the new : (Record no. 371)

000 -LEADER
fixed length control field 00793nam a2200277Ia 4500
001 - CONTROL NUMBER
control field 869956
003 - CONTROL NUMBER IDENTIFIER
control field OSt
005 - DATE AND TIME OF LATEST TRANSACTION
control field 20190807151129.0
008 - FIXED-LENGTH DATA ELEMENTS--GENERAL INFORMATION
fixed length control field 911202s1991 enka ab 001 0 eng d
010 ## - LIBRARY OF CONGRESS CONTROL NUMBER
LC control number 250285
020 ## - INTERNATIONAL STANDARD BOOK NUMBER
International Standard Book Number 0500275823 (pbk.)
020 ## - INTERNATIONAL STANDARD BOOK NUMBER
International Standard Book Number 9780500275825
039 ## - LEVEL OF BIBLIOGRAPHIC CONTROL AND CODING DETAIL [OBSOLETE]
Level of rules in bibliographic description (OCoLC)792977037
040 ## - CATALOGING SOURCE
Transcribing agency KH8
082 ## - DEWEY DECIMAL CLASSIFICATION NUMBER
Classification number 709.04 HUG
100 1# - MAIN ENTRY--PERSONAL NAME
Personal name Hughes, Robert,
Dates associated with a name 1938-2012.
245 14 - TITLE STATEMENT
Title The shock of the new :
Remainder of title art and the century of change /
Statement of responsibility, etc. Robert Hughes.
250 ## - EDITION STATEMENT
Edition statement Updated and enlarged ed.
260 ## - PUBLICATION, DISTRIBUTION, ETC.
Place of publication, distribution, etc. London :
Name of publisher, distributor, etc. Thames & Hudson,
Date of publication, distribution, etc. c1991.
300 ## - PHYSICAL DESCRIPTION
Extent 444 p. :
Other physical details col. ill. ;
Dimensions 28 cm.
500 ## - GENERAL NOTE
General note Includes index.
504 ## - BIBLIOGRAPHY, ETC. NOTE
Bibliography, etc. note Bibliography: p. [429]-433.
650 #0 - SUBJECT ADDED ENTRY--TOPICAL TERM
Topical term or geographic name entry element Art, Modern
Chronological subdivision 19th century.
650 #0 - SUBJECT ADDED ENTRY--TOPICAL TERM
Topical term or geographic name entry element Art, Modern
Chronological subdivision 20th century.
942 ## - ADDED ENTRY ELEMENTS (KOHA)
Source of classification or shelving scheme
Koha item type Books - Non Ficton
Holdings
Withdrawn status Lost status Source of classification or shelving scheme Damaged status Not for loan Collection code Permanent Location Current Location Shelving location Date acquired Full call number Barcode Date last seen Price effective from Koha item type
          Non-Fiction KH8 Senior School Library KH8 Senior School Library Non Fiction 2019-08-07 709.04 HUG 3KHSL000100283 2019-08-07 2019-08-07 Books - Non Ficton

Powered By KH8 IT Dept